000 00685nam a2200217Ia 4500
003 GCL
008 140319s9999 xx 000 0 ara d
020 _a8272314977
040 _aGCL /
_cGCL
082 0 4 _a726.2965
_bع ت
100 1 _aعبد الكريم عزوق
245 1 0 _aتطور الماذن فى الجزائر /
_cعبد الكريم عزوق
250 _aالاولى
260 _aالقاهرة :
_bمكتبة زهراء الشرق ،
_c2006
300 _a131 ص ؛
_c24 سم
650 0 4 _aالعمارة الاسلامية
650 0 4 _aالمبانى الدينية
650 0 4 _aالماذن
650 0 4 _aالمساجد - الجزائر
942 _2ddc
_cBK
999 _c8243
_d8243